Ins volle menschenleben, (Record no. 619)

MARC details
000 -LEADER
fixed length control field 00930cam a22002171 4500
001 - CONTROL NUMBER
control field af 47000048
003 - CONTROL NUMBER IDENTIFIER
control field DLC
005 - DATE AND TIME OF LATEST TRANSACTION
control field 20260227110800.0
008 - FIXED-LENGTH DATA ELEMENTS--GENERAL INFORMATION
fixed length control field 890410s1942 gw 000 0 ger c
010 ## - LIBRARY OF CONGRESS CONTROL NUMBER
LC control number af 47000048
035 ## - SYSTEM CONTROL NUMBER
System control number (OCoLC)19528395
040 ## - CATALOGING SOURCE
Original cataloging agency Wisconsin. Univ. Libr.
Transcribing agency CU
Modifying agency DLC
042 ## - AUTHENTICATION CODE
Authentication code premarc
050 00 - LIBRARY OF CONGRESS CALL NUMBER
Classification number PT2639.T315
Item number I5
082 ## - DEWEY DECIMAL CLASSIFICATION NUMBER
Classification number 833.91
100 1# - MAIN ENTRY--PERSONAL NAME
Personal name Steguweit, Heinz,
Dates associated with a name 1897-1964.
245 10 - TITLE STATEMENT
Title Ins volle menschenleben,
Remainder of title neue erzählungen.
260 ## - PUBLICATION, DISTRIBUTION, ETC.
Place of publication, distribution, etc. Hamburg,
Name of publisher, distributor, etc. Hanseatische verlagsanstalt
Date of publication, distribution, etc. [1942]
300 ## - PHYSICAL DESCRIPTION
Extent 92 p., 1 l.
505 0# - FORMATTED CONTENTS NOTE
Formatted contents note Ich hab die nacht geträumet.--Ein buckel voll glück.--Der apfel.--Das ewig weibliche.--Wohltun trägt zinsen.--Späte hochzeitreise.--Heimweh nach Bianka.--Im spinngewebe.--Die stare bauen.--Eines schäfers hund.--Nachbars Regine.--Rund um den karpfenteich.--Schwester Viola.--Ein schirm voller sterne.--Der gang zur witwe.--Tausend jahre sind ein tag.

No items available.

Powered by Koha